00285nam a22001097a 4500008004100000020001500041082001500056100001800071245005800089260001800147300001000165230703b xxu||||| |||| 00| 0 eng d a0160752183 a352.4bUSA cUS Government afiscal year 2007 Appendix Budget of the US Government bUS Government a1281p